100 resturants - Statistics

General Stats
  • This quiz has been taken 53 times
  • The average score is 33 of 100
Answer Stats
serves resturant % Correct
burger burger king
95%
burger mcdonalds
95%
coffee starbucks
95%
tacos taco bell
95%
donuts dunkin
89%
chicken kfc
89%
pizza pizza hut
89%
sandwiches subway
89%
mexican chipotle
86%
pizza dominos
86%
burger wendys
86%
asian panda express
80%
bread panera
80%
italian olive garden
77%
chicken chick fil a
75%
chicken popeyes
66%
pizza papa johns
64%
ice cream dairy queen
61%
pancakes ihop
61%
burger in n out
59%
sandwhich arbys
55%
cheesecake cheesecake factory
55%
breakfast dennys
50%
cookies crumbl
48%
waffles waffle house
48%
chicken wingstop
48%
burger carls jr
45%
americian chilis
45%
burger hardees
45%
wings buffalo wild wings
43%
burger five guys
43%
sandwich jersey mikes
43%
chicken raising canes
43%
steak texas roadhouse
43%
burger applebees
41%
sandwich's jimmie johns
41%
seafood red lobster
41%
burger sonic
41%
burger whataburger
41%
burger culvers
36%
burger white castle
36%
taco del taco
34%
burger jack in the box
32%
steak outback steakhouse
32%
donuts tim hortons
32%
pretzels auntie annes
30%
buffet golden corral
30%
donuts krispy kreme
27%
pizza little ceasers
27%
burger red robin
27%
chicken zaxbys
27%
ice cream baskin robins
25%
mexican qdoba
25%
smoothie tropical smoothie cafe
25%
chicken church's
20%
sandwichs firehouse
20%
burger shake shack
20%
southern cracker barrel
18%
burger freddys
18%
pizza marcos
18%
mexican moes southwest grill
18%
chicken bojangles
16%
Mediterranean cava
16%
steak longhorn steakhouse
16%
milkshakes steak and shake
16%
burger hooters
14%
asian p.f. changs
14%
breakfast bob evans
11%
coffee dutch bros
11%
noodles noodles & company
11%
sandwich potbelly
11%
smoothie smoothie king
11%
american bj's
9%
ice cream cold stone creamery
9%
chicken daves hot chicken
9%
bagels einstein bros
9%
breakfast first watch
7%
pizza papa murphys
7%
chicken el pollo loco
5%
brazilian fogo de chao
5%
pizza jets
5%
sandwich mcalisters
5%
pizza MOD
5%
cake nothing bundt cakes
5%
southwest twin peaks
5%
italian carrabbas
2%
cheesesteaks charleys cheesesteaks
2%
american cheddars scratch kitchen
2%
winery coopers hawk
2%
burger dave & busters
2%
burger jacks
2%
sandwich jasons deli
2%
burger millers ale house
2%
hot dogs portillos
2%
steak ruths chris steak house
2%
coffee scooters
2%
american sweetgreen
2%
steak the capital grille
2%
american yard house
2%
burger habit burger & grill
0%
No matching quizzes found
Score Distribution
Percent of People with Each Score
Percentile by Number Answered
Your Score History
You have not taken this quiz